Educación, salud y desarrollo social de la Ciudad de México : (Record no. 17981)

MARC details
000 -CABECERA
campo de control de longitud fija 00526nam a2200181 a 4500
005 - FECHA Y HORA DE LA ÚLTIMA TRANSACCIÓN
campo de control 20241113063716.0
008 - ELEMENTOS DE LONGITUD FIJA--INFORMACIÓN GENERAL
campo de control de longitud fija 991125s1997 mx 000 0 spa u
020 ## - NÚMERO INTERNACIONAL NORMALIZADO PARA LIBROS
Número Internacional Estándar del Libro 9688161357
035 ## - NÚMERO DE CONTROL DEL SISTEMA
Número de control de sistema UPN01000017981
049 ## - COLECCIÓN
Colección CG
050 #4 - SIGNATURA TOPOGRÁFICA DE LA BIBLIOTECA DEL CONGRESO
Número de clasificación LC1621
Número de documento/Ítem E3.8
245 00 - MENCIÓN DE TÍTULO
Título Educación, salud y desarrollo social de la Ciudad de México :
Resto del título 1994-1997.
260 ## - PUBLICACIÓN, DISTRIBUCIÓN, ETC.
Lugar de publicación, distribución, etc. México :
Nombre del editor, distribuidor, etc. DDF :
-- Limusa-Noriega,
Fecha de publicación, distribución, etc. 1997.
300 ## - DESCRIPCIÓN FÍSICA
Extensión 129 p. :
Otras características físicas il.
440 #0 - MENCIÓN DE SERIE/ASIENTO SECUNDARIO--TÍTULO
Título Educación y salud
650 #4 - ASIENTO SECUNDARIO DE MATERIA - TERMINO TEMATICO
Término de materia o nombre geográfico como elemento de entrada Educación para la salud
9 (RLIN) 5249
905 ## - TIPO DE MATERIAL
Tipo de material Libro
Holdings
Estado de retiro Estado de pérdida Fuente del sistema de clasificación o colocación Estado dañado No para préstamo Código de colección Localización permanente Ubicación/localización actual Ubicación en estantería Total de préstamos Clasificación Código de barras Fecha visto por última vez Número de copia Tipo de ítem Koha
    Library of Congress Classification     Colección General Bib. Gregorio Torres Quintero Bib. Gregorio Torres Quintero Planta baja   LC1621 E3.8 158761 31/12/2020 1 Libro
    Library of Congress Classification     Colección General Bib. Gregorio Torres Quintero Bib. Gregorio Torres Quintero Planta baja 1 LC1621 E3.8 158762 31/12/2020 1 Libro
    Library of Congress Classification     Colección General Bib. Gregorio Torres Quintero Bib. Gregorio Torres Quintero Planta baja 3 LC1621 E3.8 158763 31/12/2020 1 Libro
    Library of Congress Classification     Colección General Bib. Gregorio Torres Quintero Bib. Gregorio Torres Quintero Planta baja 1 LC1621 E3.8 158760 31/12/2020 1 Libro